000 00936nam a2200265 a 4500
001 BRCA_5550
005 20190320205128.0
008 280311s1942----u--a######---#001-0#eng-#
041 _aeng
044 _au
050 4 _aNK2270
_b.E24 1942
100 1 _aEberlein, Harold Donaldson
_97282
245 1 0 _aThe Practical book of period furniture
_btreating of furniture of the English, American Colonial and Post-Colonial and principal French periods
_cby Harold Donaldson Eberlein and Abbot McClure.
260 _aFiladelfia
_bJ. B. Lippincott
_c1942
300 _a371 p.
_bil. (algunas a color), 47 láminas
_c24 cm.
500 _aIncluye índice de ilustraciones y glosario
500 _aF26
650 1 4 _aMuebles ingleses
_99632
650 1 4 _aMuebles americanos
_914163
650 1 4 _aMuebles franceses
_914164
650 1 4 _aMuebles
_xHistoria
_94173
700 1 _aMcClure, Abbot
_eCoautor
_914165
902 _aGFM
942 _2lcc
_cB
999 _c5244
_d5244